| 000 | 00648nam a22002297a 4500 | ||
|---|---|---|---|
| 003 | OSt | ||
| 005 | 20180618093255.0 | ||
| 008 | 180612b xxu||||| |||| 00| 0 spa d | ||
| 020 | _a950-25-2336-4 | ||
| 040 | _cBiblioteca Ernesto Sábato | ||
| 092 |
_a982.828 _bM327 _eBDT |
||
| 100 | _aMargheritis, Ana | ||
| 245 | _aMalvinas : los motivos económicos de un conflicto | ||
| 260 |
_aBuenos Aires _bCentro Editor de América Latina _c1991 |
||
| 300 | _a145 p | ||
| 440 |
_aBiblioteca Política Argentina _n 342 |
||
| 650 | _aISLAS MALVINAS | ||
| 650 | _aHISTORIA ARGENTINA | ||
| 650 | _a/BDT/ | ||
| 700 | _aLaura Tedesco | ||
| 942 |
_2ddc _cBDT |
||
| 999 |
_c32351 _d32351 |
||